00285nam a2200121Ia 4500008004100000100001800041245003700059260002300096300000800119650001200127942000700139999001700146190216s9999||||xx |||||||||||||| ||und|| aAbhyankar K.D 0aAstrophysics Of The Solar System bUniversities Press a255 aPhysics cBK c34283d34283